<?xml version="1.0" encoding="UTF-8"?><?xml-stylesheet type="text/xsl" href="static/style.xsl"?><OAI-PMH xmlns="http://www.openarchives.org/OAI/2.0/" xmlns:xsi="http://www.w3.org/2001/XMLSchema-instance" xsi:schemaLocation="http://www.openarchives.org/OAI/2.0/ http://www.openarchives.org/OAI/2.0/OAI-PMH.xsd"><responseDate>2026-04-13T05:40:55Z</responseDate><request verb="GetRecord" identifier="oai:www.recercat.cat:2117/394606" metadataPrefix="marc">https://recercat.cat/oai/request</request><GetRecord><record><header><identifier>oai:recercat.cat:2117/394606</identifier><datestamp>2025-07-22T20:14:40Z</datestamp><setSpec>com_2072_1033</setSpec><setSpec>col_2072_452951</setSpec></header><metadata><record xmlns="http://www.loc.gov/MARC21/slim" xmlns:dcterms="http://purl.org/dc/terms/" xmlns:xsi="http://www.w3.org/2001/XMLSchema-instance" xmlns:doc="http://www.lyncode.com/xoai" xsi:schemaLocation="http://www.loc.gov/MARC21/slim http://www.loc.gov/standards/marcxml/schema/MARC21slim.xsd">
   <leader>00925njm 22002777a 4500</leader>
   <datafield ind2=" " ind1=" " tag="042">
      <subfield code="a">dc</subfield>
   </datafield>
   <datafield ind2=" " ind1=" " tag="720">
      <subfield code="a">Almansa Llamas, Alba</subfield>
      <subfield code="e">author</subfield>
   </datafield>
   <datafield ind2=" " ind1=" " tag="260">
      <subfield code="c">2023-09-07</subfield>
   </datafield>
   <datafield ind2=" " ind1=" " tag="520">
      <subfield code="a">La qüestió central d’aquest treball és la introducció a la formació creativa i la recerca dels catalitzadors que la generen. Considerant com a finalitat plantejar unes estratègies didàctiques d’introducció a uns estudis superiors d’arquitectura, s’aborden qüestions de transmissió de coneixement, processos creatius artístics, formació de cursos introductoris i generació d’exercicis de pràctica arquitectònica. &#xd;
Conté un marc teòric focalitzat en un procés cíclic de creació d’iniciació: partint de crear com a propòsit, limitar i constrènyer com a maneres de guiar i controlar el desenvolupament i, modificar per acabar i tornar a començar. Posteriorment, l’anàlisi dels casos d’estudi passa prèviament per la selecció d’exercicis desenvolupats dins de cursos inicials al projecte arquitectònic a l’últim segle, on es relacionaran les tipologies d’exercicis amb els dispositius pedagògics i podrem definir uns elements constrictius.</subfield>
   </datafield>
   <datafield ind2=" " ind1=" " tag="520">
      <subfield code="a">La cuestión central de este trabajo es la introducción a la formación creativa y la investigación de los catalizadores que la generan. Considerando como finalidad plantear unas estrategias didácticas de introducción en unos estudios superiores de arquitectura, se abordan cuestiones de transmisión de conocimiento, procesos creativos artísticos, formación de cursos introductorios y generación de ejercicios de práctica arquitectónica.&#xd;
Contiene un marco teórico focalizado en un proceso cíclico de creación de iniciación: partiendo de crear como propósito, limitar y constreñir como maneras de guiar y controlar el desarrollo y, modificar para acabar y volver a empezar. Posteriormente, el análisis de los casos de estudio pasa previamente por la selección de ejercicios desarrollados dentro de cursos iniciales al proyecto arquitectónico en el último siglo, donde se relacionarán las tipologías de ejercicios con los dispositivos pedagógicos y podremos definir unos elementos constrictivos.</subfield>
   </datafield>
   <datafield tag="653" ind2=" " ind1=" ">
      <subfield code="a">Àrees temàtiques de la UPC::Arquitectura</subfield>
   </datafield>
   <datafield tag="653" ind2=" " ind1=" ">
      <subfield code="a">Àrees temàtiques de la UPC::Ensenyament i aprenentatge</subfield>
   </datafield>
   <datafield tag="653" ind2=" " ind1=" ">
      <subfield code="a">Architecture -- Study and teaching</subfield>
   </datafield>
   <datafield tag="653" ind2=" " ind1=" ">
      <subfield code="a">Creative thinking</subfield>
   </datafield>
   <datafield tag="653" ind2=" " ind1=" ">
      <subfield code="a">Education -- Study and teaching</subfield>
   </datafield>
   <datafield tag="653" ind2=" " ind1=" ">
      <subfield code="a">Pedagogia</subfield>
   </datafield>
   <datafield tag="653" ind2=" " ind1=" ">
      <subfield code="a">Procés creatiu</subfield>
   </datafield>
   <datafield tag="653" ind2=" " ind1=" ">
      <subfield code="a">Exercicis inicials</subfield>
   </datafield>
   <datafield tag="653" ind2=" " ind1=" ">
      <subfield code="a">Cursos</subfield>
   </datafield>
   <datafield tag="653" ind2=" " ind1=" ">
      <subfield code="a">Arquitectura -- Ensenyament</subfield>
   </datafield>
   <datafield tag="653" ind2=" " ind1=" ">
      <subfield code="a">Pensament creatiu</subfield>
   </datafield>
   <datafield tag="653" ind2=" " ind1=" ">
      <subfield code="a">Pedagogia</subfield>
   </datafield>
   <datafield ind2="0" ind1="0" tag="245">
      <subfield code="a">Formació preliminar: limitacions i constriccions</subfield>
   </datafield>
</record></metadata></record></GetRecord></OAI-PMH>